000 00893nam a2200253Ia 4500
003 OSt
005 20221005105330.0
006 a|||||r|||| 00| 0
007 ta
008 221004b |||||||| |||| 00| 0 hin d
024 _a30610
037 _cTextual
040 _aCRL
_cCRL
_bhin
041 _2hin
_ahin
082 _aW, 152N6
100 _aराय, अमल
245 0 _aराजनीतिक सिद्धान्त
246 _aRājanītik siddhānta
260 _aनई दिल्ली
_bजवाहर पब्लिशर्स एंड डिस्ट्रीब्यूटर्स भारत
_c1996
300 _a440पृ.
_ccm.
700 _a भट्टाचार्य, मोहित
942 _hW, 152N6
_cTEXL
_2cc
999 _c1015492
_d1015492